[Event "Malgrat del Mar op"]
[Site "Malgrat del Mar"]
[Date "1997.05.17"]
[Round "9"]
[White "Gonzalez Moreno, Antoni"]
[Black "Hernandez Carro, Jorge"]
[Result "1-0"]
[WhiteElo "1930"]
[BlackElo "1850"]
[PlyCount "54"]
[EventDate "1997.??.??"]
[EventType "swiss"]
[EventRounds "9"]
[EventCountry "ESP"]
[SourceTitle "EXT 2003"]
[Source "ChessBase"]
[SourceDate "2002.11.25"]
[SourceVersion "1"]
[SourceVersionDate "2002.11.25"]
[SourceQuality "1"]

1. c4 Nf6 2. Nc3 e6 3. d4 d5 4. e3 Nc6 5. Nf3 Bb4 6. Bd2 b6 7. a3 Bxc3 8. Bxc3 Ne4 9. Qc2 Nxc3 10. Qxc3 0-0 11. Be2 Bb7 12. 0-0 Rc8 13. b4 dxc4 14. Qxc4 Ne7 15. Ne5 Nf5 16. Bf3 Nd6 17. Qd3 Bxf3 18. Nxf3 f6 19. Rfc1 Qd7 20. Rc2 b5 21. Rac1 c6 22. Nd2 e5 23. dxe5 fxe5 24. Ne4 Rfd8 25. Rd1 Qf5 26. Nxd6 Qxd3 27. Rxd3 Rd7 1-0

[Event "Malgrat del Mar op"]
[Site "Malgrat del Mar"]
[Date "1997.04.05"]
[Round "3"]
[White "Hernandez Carro, Jorge"]
[Black "Bayon Palomino, Joan J"]
[Result "0-1"]
[WhiteElo "1850"]
[BlackElo "1960"]
[PlyCount "78"]
[EventDate "1997.??.??"]
[EventType "swiss"]
[EventRounds "9"]
[EventCountry "ESP"]
[SourceTitle "EXT 2003"]
[Source "ChessBase"]
[SourceDate "2002.11.25"]
[SourceVersion "1"]
[SourceVersionDate "2002.11.25"]
[SourceQuality "1"]

1. e4 c5 2. Nf3 d6 3. Nc3 g6 4. Bc4 Bg7 5. Ng5 e6 6. d3 Nf6 7. 0-0 Nc6 8. Nf3 0-0 9. Bg5 a6 10. Bb3 b5 11. a3 Qc7 12. Qd2 Ng4 13. h3 Nf6 14. Bh6 Rd8 15. Bxg7 Kxg7 16. Qf4 e5 17. Qd2 Ne7 18. Ng5 d5 19. exd5 Nexd5 20. Nxd5 Nxd5 21. Bxd5 Rxd5 22. Qe2 Qe7 23. Ne4 Bb7 24. f4 exf4 25. Rxf4 f5 26. Nc3 Re5 27. Qf1 Re8 28. Rf2 b4 29. axb4 cxb4 30. Na4 Bc6 31. b3 Qa7 32. Kh2 Qc7 33. Kg1 Qa7 34. Kh2 Qd4 35. Rc1 Qd6 36. Kg1 Bxa4 37. bxa4 Qc5 38. Ra1 Qc3 39. Kh2 Re1 0-1